00430nam a2200145Ia 4500100001800000942000700018654001700025245005800042260003400100082001000134300000800144546001200152999001700164952010300181 aBlack/Pery/O  cBK amachine shop aAudels Machinists Library Basic Machine Shop practice bTaraporevala Sons & Coc2001 a621.9 a408 aENGLISH c27386d27386 001040708AFTaCRCEbCRCEd2023-03-17g6.00l0o621.9 pAFT421r2023-03-17v6.00w2023-03-17yBK